000 00676nam a22002297a 4500
003 UA-OsUOA
001 45894
007 ta
008 20070521b un ||||| |||| 00| 0 ukr d
090 _a281.96
_bД76
942 _cBK
040 _aUA-OsUOA
_bukr
_cUA-OsUOA
_dUA-OsUOA
245 _aДругий Всеукраїнський православний собор УАПЦ
_bДокументи і матеріали 1927 р.
300 _a698 с.
955 _a2
041 _aukr
080 _a281.96
020 _a978-966-02-4234-0
260 _aК.
_c2007
650 7 _a281.9 Східна православна церква і скопці
_2UDC
999 _c331991
_d331991